Plan de negocio para la creación del Sport Bar Wings House, en el centro comercial la Gran Plaza, ubicado en el kilómetro 8 carretera a Masaya
El presente trabajo tiene como objetivo principal desarrollar una propuesta de plan de negocio que permita describir, analizar y evaluar la factibilidad de establecer un Sport en el centro comercial la gran plaza ubicada en el km 8 carretera a Masaya.
| Main Authors: | , , |
|---|---|
| Other Authors: | |
| Format: | Tesis Section = Libro |
| Language: | Undetermined Spanish |
| Published: |
Managua
UNI
2017
|
| Subjects: |
| LEADER | 01215nam a2200277Ia 4500 | ||
|---|---|---|---|
| 008 | 240830s9999 xx 000 0 und d | ||
| 040 | |a BIBLIOTECA-RUPAP Mon 658.4012 V146 | ||
| 041 | |a spa | ||
| 082 | |a Mon 658.4012 V146 | ||
| 100 | 1 | |a Valdizón Reynosa, Iván Antonio | |
| 100 | 1 | |b Castro Siles, Oscar Saúl | |
| 100 | 1 | |c Ordoñez Aguilar, Framielka Scarleth | |
| 245 | 1 | 0 | |a Plan de negocio para la creación del Sport Bar Wings House, en el centro comercial la Gran Plaza, ubicado en el kilómetro 8 carretera a Masaya |
| 260 | |a Managua |b UNI |c 2017 | ||
| 300 | |a 103 p. :il. | ||
| 500 | |a Contiene: anexos y CD | ||
| 502 | |a Tesis (Ingeniero de Sistemas)- UNI, 2017. | ||
| 520 | 3 | |a El presente trabajo tiene como objetivo principal desarrollar una propuesta de plan de negocio que permita describir, analizar y evaluar la factibilidad de establecer un Sport en el centro comercial la gran plaza ubicada en el km 8 carretera a Masaya. | |
| 650 | 7 | |a SPORT BAR WINGS HOUSE-MASAYA | |
| 650 | 7 | |b MERCADEO-PLANIFACION | |
| 650 | 7 | |c PLANEACION ESTRATEGICA | |
| 650 | 7 | |d PLAN FINANCIERO DELNEGOCIO | |
| 700 | 1 | |a Tutor: |b Orozco Miranda, Hazzely del Carmen | |
| 942 | |c BK |2 ddc | ||
| 991 | |a TESIS | ||
| 999 | |c 17224 | ||